Rozpoznaj Polskie Miasto Po Zdjęciu - Statystyki

Ogólne statystyki
  • Ten quiz został rozwiązany 104 razy
  • Średni wynik to 6 z 10
Statystyki odpowiedzi
Obrazkowy Odpowiedź % Poprawnych
Warszawa
99%
Wrocław
80%
Kraków
79%
Poznań
77%
Gdynia
75%
Katowice
62%
Toruń
62%
Gdańsk
60%
Gliwice
20%
Bielsko-Biała
9%
Nie znaleziono quizów pasujących do podanych kryteriów
Rozkład punktacji
Procent ludzi z każdym wynikiem
Percentyl według liczby udzielonych odpowiedzi
Twoja historia wyników
Nie rozwiązałeś tego quizu